000 00810nam a2200217Ii 4500
003 JO-AjNU
008 230605s9999||||xx |||||||||||||| ||und||
017 _a2004/3/580
040 _aJO-AjNU
_bara
_erda
_cJO-AjNU
041 _aara
050 1 4 _aBF720.S63.T3742.2004
100 3 _aالطيبي،عكاشة عبد المنان ،قسم الترجمة والتحقيق في دار الاخوة/اعداد,
_eauthor
_922626
245 0 0 _aالتربية الاجتماعية للطفل
250 _aط1
264 3 1 _aعمان:الاخوة للنشر والتوزيع ،2004
300 _a189ص
336 _atext
_btxt
_2rdacontent
337 _aunmediated
_bn
_2rdamedia
338 _avolume
_bnc
_2rdacarrier
650 4 _aالتربية-رعاية الطفولة-سلوك الطفل-الاطفال
_922627
999 _aA8061
_c11629
_d11629